Návrh a tvorba robotického pracoviska pre výrobu drevených paliet s využitím softvérového prostredia Siemens Tecnomatix Process Simulate

Enregistré dans:
Détails bibliographiques
Auteur principal: Novotná, Ema (Auteur)
Autres auteurs: Vachálek, Ján (Directeur de thèse)
Format: Manuscrit Livre
Langue:slovaque
Publié: 2024
Sujets:
Accès en ligne:http://is.stuba.sk/zp/portal_zp.pl?podrobnosti=179045
Tags: Ajouter un tag
Pas de tags, Soyez le premier à ajouter un tag!

MARC

LEADER 00000ntm a22000003a 4500
001 stuzp99392
003 SK-STU
005 20241120101039.2
007 ta
008 150427s2015----xo-----f-mn---000-0-slo-d
040 |a STU  |b slo 
041 0 |a slo 
100 1 |a Novotná, Ema  |u 020020  |4 aut  |U SjF Strojnícka fakulta  |T SjF Ústav automatizácie, informatizácie a merania  |X 105689  |U J0020  |Y 802  |7 105689 
242 0 1 |a Design and development of a robotic workcell for the production of wooden pallets using the Siemens Tecnomatix Process Simulate software environment  |y eng 
245 1 0 |a Návrh a tvorba robotického pracoviska pre výrobu drevených paliet s využitím softvérového prostredia Siemens Tecnomatix Process Simulate 
260 |c 2024 
650 4 |a Tecnomatix Process Simulate  |2 slo 
650 4 |a simulácia  |2 slo 
650 4 |a robotické pracovisko  |2 slo 
650 4 |a výroba paliet  |2 slo 
650 4 |a Tecnomatix Process Simulate  |2 eng 
650 4 |a simulation  |2 eng 
650 4 |a robotic workcell  |2 eng 
650 4 |a pallet production  |2 eng 
700 1 |a Vachálek, Ján  |u 020020  |k Z1  |4 ths  |U SjF Strojnícka fakulta  |T SjF Ústav automatizácie, informatizácie a merania  |X 2232  |U J0020  |Y 802  |7 A000002232 
856 4 |u http://is.stuba.sk/zp/portal_zp.pl?podrobnosti=179045 
996 |b 284J047682  |c J* 3777/DDP  |l JJSK  |s A  |a 24  |w stuzp99392_0001